[Event "Lichtenrader Herbst"]
[Site "?"]
[Date "2008.10.18"]
[Round "1.1"]
[White "Graf, Alexander"]
[Black "Kujawa, Werner"]
[Result "1-0"]
[WhiteElo "2636"]
[BlackElo "1859"]
[PlyCount "85"]
[EventDate "2008.??.??"]

1. d4 Nf6 2. c4 e6 3. Nf3 c5 4. Nc3 cxd4 5. Nxd4 a6 6. Bg5 Be7 7. e3 d6 8. Be2
Qc7 9. O-O Bd7 10. Qd2 Nc6 11. Rfd1 Ne5 12. Rac1 h6 13. Bxf6 gxf6 14. f4 Nc6
15. Nd5 Qd8 16. Nxe7 Nxe7 17. Bf3 Qc7 18. Nb3 Nf5 19. e4 Nh4 20. Qxd6 Nxf3+ 21.
gxf3 O-O-O 22. Qxc7+ Kxc7 23. Nc5 Rdg8+ 24. Kf2 Bc8 25. Rg1 b6 26. Nd3 a5 27.
Rxg8 Rxg8 28. b3 Bd7 29. Rg1 Rg6 30. Rg3 Kd6 31. Ke3 Rxg3 32. hxg3 b5 33. e5+
Ke7 34. Nc5 Bc6 35. Ne4 fxe5 36. fxe5 bxc4 37. bxc4 a4 38. a3 Bd7 39. Kd4 Bc6
40. Kc5 Bxe4 41. fxe4 f5 42. exf6+ Kxf6 43. Kd6 1-0

[Event "Lichtenrader Herbst"]
[Site "?"]
[Date "2008.10.18"]
[Round "1.3"]
[White "Rudolf, Henrik"]
[Black "Köckeritz, Dieter"]
[Result "1-0"]
[WhiteElo "2368"]
[BlackElo "1852"]
[PlyCount "39"]
[EventDate "2008.??.??"]

1. e4 c5 2. Nf3 d6 3. d4 cxd4 4. Nxd4 Nf6 5. Nc3 a6 6. Bg5 Nbd7 7. f4 e6 8. Qf3
Be7 9. O-O-O Qc7 10. g4 Rb8 11. Bxf6 gxf6 12. f5 Ne5 13. Qh3 b5 14. Nce2 Nc4
15. fxe6 fxe6 16. Nf4 Kf7 17. Qh5+ Kg8 18. Qe8+ Bf8 19. Qxf8+ Kxf8 20. Nfxe6+
1-0

[Event "Lichtenrader Herbst"]
[Site "?"]
[Date "2008.10.18"]
[Round "1.4"]
[White "Toebs, Robin"]
[Black "Kiesekamp, Marcos"]
[Result "0-1"]
[WhiteElo "1849"]
[BlackElo "2338"]
[PlyCount "84"]
[EventDate "2008.??.??"]

1. e4 e5 2. Nf3 Nc6 3. Bb5 a6 4. Ba4 Nf6 5. O-O Be7 6. c3 Nxe4 7. Re1 Nc5 8.
Bxc6 dxc6 9. Nxe5 O-O 10. d4 Ne6 11. Be3 f6 12. Nd3 Bd6 13. Nd2 f5 14. f3 Qh4
15. Nf1 f4 16. Bf2 Qh5 17. Ne5 c5 18. Qd3 cxd4 19. cxd4 c6 20. Rac1 Nc7 21. Ng4
Bxg4 22. fxg4 Qxg4 23. Qb3+ Nd5 24. Qf3 Qxf3 25. gxf3 Rae8 26. Rxe8 Rxe8 27.
Re1 Rxe1 28. Bxe1 Kf7 29. Kf2 Ke6 30. Ke2 Nc7 31. Kd3 Kd5 32. Bc3 Ne6 33. Nd2
Bc7 34. Nb3 Bb6 35. a3 g6 36. a4 g5 37. h3 h5 38. a5 Ba7 39. Ke2 Bxd4 40. Nxd4
Nxd4+ 41. Bxd4 Kxd4 42. Kd2 c5 0-1

[Event "Lichtenrader Herbst"]
[Site "?"]
[Date "2008.10.18"]
[Round "1.6"]
[White "Janneck, Frank"]
[Black "Dauth, Benjamin"]
[Result "0-1"]
[WhiteElo "1844"]
[BlackElo "2266"]
[PlyCount "120"]
[EventDate "2008.??.??"]

1. e4 e5 2. Nf3 Nc6 3. Bb5 f5 4. d3 fxe4 5. dxe4 Nf6 6. O-O Bc5 7. Nc3 O-O 8.
Bg5 d6 9. Nd5 Kh8 10. Nh4 Be6 11. Bc4 Bxd5 12. Bxd5 Ne7 13. Bxf6 Rxf6 14. Bb3
Rf4 15. Qh5 Qe8 16. Qg5 h6 17. Qxe7 Qxe7 18. Ng6+ Kh7 19. Nxe7 c6 20. c3 g6 21.
g3 Rf6 22. Kg2 Re8 23. Nxc6 bxc6 24. Ba4 Ref8 25. f3 d5 26. Bc2 d4 27. Rad1 Rb8
28. Bb3 a5 29. Rd2 g5 30. h3 Rb7 31. Bc4 Rf8 32. f4 gxf4 33. Be6 dxc3 34. bxc3
Be3 35. Re2 Rbb8 36. Bb3 Rf7 37. g4 Rd7 38. Rc2 Rbd8 39. Ba4 Rd2+ 40. Kf3 Rxc2
41. Bxc2 Rd2 42. Bb3 Rh2 43. Be6 Rxh3+ 44. Kg2 Rg3+ 45. Kh2 Kg6 46. Bc4 Kg5 47.
Be2 Kh4 48. Rf3 Bg1+ 49. Kh1 Rxf3 50. Bxf3 Kg3 51. Be2 Be3 52. Bd3 f3 53. Bf1
Kxg4 54. Kh2 Bf4+ 55. Kg1 Kg3 56. Kh1 h5 57. a4 h4 58. c4 Kf2 59. c5 Be3 60.
Ba6 Ke1 0-1

[Event "Lichtenrader Herbst"]
[Site "?"]
[Date "2008.10.18"]
[Round "1.8"]
[White "Tong, Lukas Fabian Chuan"]
[Black "Prudlo, Simon"]
[Result "0-1"]
[WhiteElo "1828"]
[BlackElo "2247"]
[PlyCount "64"]
[EventDate "2008.??.??"]

1. d4 Nf6 2. c4 g6 3. Nc3 Bg7 4. e4 d6 5. f3 O-O 6. Be3 Nbd7 7. Nge2 c5 8. d5
a6 9. Nc1 Ne5 10. Qd2 e6 11. a4 Re8 12. Be2 Rb8 13. O-O exd5 14. cxd5 Qd7 15.
a5 b5 16. axb6 Rxb6 17. N1a2 Rb3 18. Nc1 Rb8 19. N1a2 Rb3 20. Nc1 Rb6 21. N1a2
Qb7 22. Rfb1 Bd7 23. b4 cxb4 24. Bxb6 Qxb6+ 25. Kh1 bxc3 26. Nxc3 Qc5 27. Rxa6
Rc8 28. Rc1 Neg4 29. fxg4 Nxe4 30. Nxe4 Qxc1+ 31. Qd1 Bb5 32. Ra1 Qxd1+ 0-1

[Event "Lichtenrader Herbst"]
[Site "?"]
[Date "2008.10.18"]
[Round "1.9"]
[White "Boewer, Roland"]
[Black "Zahn, Benno"]
[Result "1-0"]
[WhiteElo "2238"]
[BlackElo "1820"]
[PlyCount "95"]
[EventDate "2008.??.??"]

1. Nf3 Nf6 2. g3 g6 3. Bg2 Bg7 4. O-O O-O 5. d3 d5 6. Nbd2 Nc6 7. c3 e5 8. Qc2
Re8 9. e4 dxe4 10. dxe4 Qe7 11. b4 a6 12. Bb2 Rd8 13. Rfe1 Ne8 14. Nb3 Nd6 15.
Rad1 Be6 16. a3 b6 17. h3 f6 18. Bf1 Qf7 19. Nbd2 b5 20. Rb1 Bh6 21. Bc1 f5 22.
Bg2 Rf8 23. Nh4 fxe4 24. Nxe4 Bxc1 25. Rbxc1 Nxe4 26. Bxe4 Bd5 27. Bxd5 Qxd5
28. Nxg6 Rf7 29. Nh4 Raf8 30. Re2 Qc4 31. Rd1 Ne7 32. Rdd2 Qe6 33. Kh2 Nd5 34.
Qb3 c6 35. Ng2 Qf6 36. c4 Nb6 37. cxb5 cxb5 38. Ne3 Qf3 39. Qe6 Qf6 40. Qxf6
Rxf6 41. Ng4 Rf3 42. Rxe5 Nc4 43. Rg5+ Kf7 44. Rd7+ Ke6 45. Rxh7 Rxa3 46. Rh6+
Ke7 47. h4 a5 48. Rxb5 1-0

[Event "Lichtenrader Herbst"]
[Site "?"]
[Date "2008.10.18"]
[Round "1.10"]
[White "Bulano, Alexander"]
[Black "Sawlin, Michail"]
[Result "0-1"]
[WhiteElo "1815"]
[BlackElo "2227"]
[PlyCount "84"]
[EventDate "2008.??.??"]

1. Nf3 d5 2. d4 c6 3. c4 Nf6 4. e3 Bg4 5. Nc3 e6 6. h3 Bh5 7. b3 Nbd7 8. Be2
Bd6 9. c5 Bc7 10. O-O O-O 11. Nd2 Bxe2 12. Nxe2 e5 13. Bb2 e4 14. Rc1 g6 15.
Bc3 Nh5 16. f4 exf3 17. Rxf3 f5 18. Nf1 Ndf6 19. Neg3 Nxg3 20. Nxg3 Qe7 21. Be1
Rae8 22. Qd3 Bb8 23. Bf2 Ne4 24. Nf1 Ng5 25. Nd2 Nxf3+ 26. Nxf3 f4 27. Re1 fxe3
28. Rxe3 Qf6 29. Qe2 Rxe3 30. Qxe3 Qf4 31. Qxf4 Rxf4 32. Kf1 h6 33. Ke2 Re4+
34. Kd3 Kg7 35. b4 g5 36. a4 g4 37. hxg4 Rxg4 38. Nh4 Kf6 39. Ke3 Bg3 40. Kf3
Rxh4 41. Kxg3 Rh1 42. b5 Ra1 0-1

[Event "Lichtenrader Herbst"]
[Site "?"]
[Date "2008.10.18"]
[Round "1.11"]
[White "Lüders, Gerhard"]
[Black "Münch, Robert"]
[Result "1-0"]
[WhiteElo "2219"]
[BlackElo "1815"]
[PlyCount "55"]
[EventDate "2008.??.??"]

1. d4 d5 2. c4 e6 3. Nf3 Nf6 4. Bg5 c6 5. e3 Nbd7 6. Nc3 Qa5 7. Nd2 Bb4 8. Bxf6
Nxf6 9. Qc2 dxc4 10. Nxc4 Qc7 11. Bd3 c5 12. O-O Bd7 13. Ne5 cxd4 14. Nxd7 Nxd7
15. exd4 g6 16. d5 e5 17. d6 Bxd6 18. Qd2 a6 19. Bb5 Qb6 20. Ne4 axb5 21. Nxd6+
Ke7 22. Rad1 Nc5 23. Qd5 Ne6 24. Qxe5 f6 25. Qxe6+ Kxe6 26. Rfe1+ Kd7 27. Nc4+
Kc7 28. Re7+ 1-0

[Event "Lichtenrader Herbst"]
[Site "?"]
[Date "2008.10.18"]
[Round "1.12"]
[White "Schweitzer, Pau l"]
[Black "Meißner, Hans-Jürgen"]
[Result "0-1"]
[WhiteElo "1813"]
[BlackElo "2216"]
[PlyCount "109"]
[EventDate "2008.??.??"]

1. Nf3 Nf6 2. b3 d6 3. e3 e5 4. c4 g6 5. Bb2 Bg7 6. Nc3 O-O 7. Rc1 Re8 8. Be2
c5 9. O-O Nc6 10. a3 b6 11. d3 Bb7 12. Qc2 Rc8 13. e4 Rf8 14. Nd1 Nh5 15. g3
Bh6 16. Ne3 Ng7 17. Ng4 Bxc1 18. Qxc1 f6 19. h4 Rc7 20. Bc3 h5 21. Ne3 Ne6 22.
Nd5 Rh7 23. Nh2 Ncd4 24. Bd1 Qd7 25. Bd2 Nc7 26. Be3 Nxd5 27. cxd5 Ba6 28. Qb1
Qb5 29. Bxd4 cxd4 30. Bf3 Qxd3 31. Qxd3 Bxd3 32. Rc1 Ba6 33. Rc6 Rc8 34. g4
Rxc6 35. dxc6 Rc7 36. gxh5 gxh5 37. Bxh5 Rxc6 38. Bg4 Bc8 39. Be2 Be6 40. b4
Rc2 41. Bb5 Rc3 42. f3 Rxa3 43. Bc6 a5 44. b5 Ra1+ 45. Kf2 Ra2+ 46. Kg3 Rxh2
47. Kxh2 a4 48. h5 a3 49. Bd5 Bxd5 50. exd5 a2 51. Kg3 a1=Q 52. Kg4 Qc1 53. Kf5
Kf7 54. Kg4 Qg5+ 55. Kh3 0-1

[Event "Lichtenrader Herbst"]
[Site "?"]
[Date "2008.10.18"]
[Round "1.14"]
[White "Gerntke, Oliver"]
[Black "Glantz, Robert"]
[Result "0-1"]
[WhiteElo "1798"]
[BlackElo "2197"]
[PlyCount "46"]
[EventDate "2008.??.??"]

1. d4 Nf6 2. c4 g6 3. Nc3 Bg7 4. e4 d6 5. f3 O-O 6. Be3 Nc6 7. Qd2 a6 8. a3 Rb8
9. d5 Ne5 10. Be2 c6 11. h3 b5 12. cxb5 cxb5 13. b3 Bb7 14. Rc1 Rc8 15. f4 Ned7
16. Nf3 Rxc3 17. Qxc3 Nxd5 18. Qd2 Nxe3 19. Qxe3 Bb2 20. Rc2 Bxa3 21. Qa7 Bxe4
22. Rc7 Bc5 23. Rxd7 Qa5+ 0-1

[Event "Lichtenrader Herbst"]
[Site "?"]
[Date "2008.10.18"]
[Round "1.15"]
[White "Jaeschke, Jens-Uwe"]
[Black "Prix, Siegfried"]
[Result "1/2-1/2"]
[WhiteElo "2185"]
[BlackElo "1793"]
[PlyCount "72"]
[EventDate "2008.??.??"]

1. c4 e5 2. Nc3 Nf6 3. Nf3 Nc6 4. e4 Bb4 5. d3 O-O 6. g3 d6 7. Bg2 h6 8. O-O
Be6 9. Nd5 Bc5 10. Rb1 Nd4 11. b4 Nxf3+ 12. Qxf3 Bxd5 13. bxc5 Bc6 14. Ba3 Qe7
15. cxd6 cxd6 16. Qe2 Nd7 17. f4 f6 18. Bh3 Nc5 19. Bf5 b6 20. Rf2 Rab8 21. Qe3
Rfd8 22. d4 exd4 23. Qxd4 Re8 24. Re2 Rbd8 25. Rbe1 Qb7 26. Re3 Re7 27. Bxc5
bxc5 28. Qd1 Qa6 29. Qe2 Be8 30. Rc3 Bf7 31. Bh3 Rb8 32. Qf2 Rb4 33. Rec1 Ra4
34. R1c2 Rb7 35. Qd2 Rb1+ 36. Bf1 Rxf1+ 1/2-1/2

[Event "Lichtenrader Herbst"]
[Site "?"]
[Date "2008.10.18"]
[Round "1.18"]
[White "Völz, Michael"]
[Black "Llopis de Aysa, Manuel"]
[Result "0-1"]
[WhiteElo "1785"]
[BlackElo "2173"]
[PlyCount "92"]
[EventDate "2008.??.??"]

1. e4 g6 2. d4 Bg7 3. c4 d6 4. Nc3 e5 5. dxe5 dxe5 6. Qxd8+ Kxd8 7. Nf3 f6 8.
Be3 Be6 9. O-O-O+ Nd7 10. Na4 Ke8 11. Nc5 Nxc5 12. Bxc5 Ne7 13. Be2 Bh6+ 14.
Kb1 Nc6 15. a3 Na5 16. Nd2 Bxd2 17. Rxd2 Nb3 18. Be3 Nxd2+ 19. Bxd2 Kf7 20. Be3
a6 21. Kc2 Rhd8 22. f4 exf4 23. Bxf4 Rd7 24. Rd1 Rxd1 25. Kxd1 Rd8+ 26. Kc2 c6
27. Kc3 h5 28. b4 Bg4 29. Bd3 Bd7 30. c5 Be6 31. Bd6 f5 32. e5 h4 33. Kd4 Bd5
34. Bc4 Bxc4 35. Kxc4 Ke6 36. Kd4 g5 37. Ke3 h3 38. g3 Rg8 39. Kf3 Kd5 40. Ke2
Rd8 41. Kf3 Rg8 42. Ke2 Ke6 43. Kf3 f4 44. g4 Kd5 45. Ke2 Rd8 46. Kf3 Rxd6 0-1

[Event "Lichtenrader Herbst"]
[Site "?"]
[Date "2008.10.18"]
[Round "1.19"]
[White "Kaphle, Stephan"]
[Black "Yuan, Yizheng"]
[Result "1-0"]
[WhiteElo "2170"]
[BlackElo "1784"]
[PlyCount "45"]
[EventDate "2008.??.??"]

1. e4 e5 2. Nf3 Nc6 3. Bb5 a6 4. Ba4 d6 5. O-O Bg4 6. c3 Qf6 7. d3 Nge7 8. Nbd2
b5 9. Bb3 Ng6 10. h3 Bd7 11. Re1 Be7 12. Nf1 Nf4 13. Bxf4 Qxf4 14. Ne3 Rc8 15.
a4 O-O 16. axb5 axb5 17. Ra6 Rfe8 18. Rxc6 Kh8 19. Nd5 Qh6 20. Rxc7 Rcd8 21.
Qd2 Qg6 22. Nxe7 Rxe7 23. Qg5 1-0

[Event "Lichtenrader Herbst"]
[Site "?"]
[Date "2008.10.18"]
[Round "1.20"]
[White "Kreuchauf, Olaf"]
[Black "Mahn, Franko"]
[Result "0-1"]
[WhiteElo "1779"]
[BlackElo "2167"]
[PlyCount "80"]
[EventDate "2008.??.??"]

1. f4 g6 2. Nf3 Bg7 3. d3 d5 4. g3 Nh6 5. Nc3 c6 6. Bg2 Qb6 7. Na4 Qa5+ 8. c3
Nd7 9. b4 Qc7 10. d4 O-O 11. O-O Nf6 12. Bd2 Nf5 13. Ng5 Nd6 14. Nc5 Bf5 15.
Nh3 a5 16. bxa5 Nc4 17. e4 dxe4 18. Rb1 e3 19. Rxb7 Qc8 20. Ng5 Bg4 21. Qa4
Nxd2 22. Re1 h6 23. Nxf7 Rxf7 24. Bxc6 Bf3 25. Bd7 Nxd7 26. Rxd7 Bc6 27. Rd8+
Qxd8 28. Qxc6 Rc8 29. Qg2 Nc4 30. a6 e5 31. Nb7 Qb6 32. Qh3 Rcf8 33. Qf1 Nd2
34. Qe2 exd4 35. cxd4 Qc6 36. Rd1 Bxd4 37. Na5 Qe4 38. h3 Nf3+ 39. Kf1 Kg7 40.
Nb3 Ba7 0-1

[Event "Lichtenrader Herbst"]
[Site "?"]
[Date "2008.10.19"]
[Round "2.1"]
[White "Weissenbach, Klaus"]
[Black "Graf, Alexander"]
[Result "0-1"]
[WhiteElo "2007"]
[BlackElo "2636"]
[PlyCount "40"]
[EventDate "2008.??.??"]

1. e4 e6 2. d4 d5 3. exd5 exd5 4. c4 Nf6 5. Nc3 Bb4 6. Nf3 O-O 7. Bd3 dxc4 8.
Bxc4 Bg4 9. O-O Nc6 10. Be3 Qd6 11. Nb5 Qd7 12. a3 Ba5 13. Be2 Rfe8 14. h3 Bf5
15. Qb3 Nd5 16. Bc4 Nxe3 17. fxe3 a6 18. d5 axb5 19. dxc6 bxc6 20. Be2 Rxe3 0-1

[Event "Lichtenrader Herbst"]
[Site "?"]
[Date "2008.10.19"]
[Round "2.2"]
[White "Meister, Jakob"]
[Black "Lang, Martin"]
[Result "1-0"]
[WhiteElo "2481"]
[BlackElo "1994"]
[PlyCount "155"]
[EventDate "2008.??.??"]

1. e4 e5 2. Nf3 Nc6 3. Nc3 Nf6 4. Bb5 Nd4 5. Bc4 Nxf3+ 6. Qxf3 Bb4 7. Ne2 O-O
8. Ng3 d6 9. O-O Bc5 10. h3 c6 11. d3 g6 12. Bh6 Re8 13. Bb3 a5 14. c3 Be6 15.
Bc2 d5 16. Rfe1 Nd7 17. a3 Qh4 18. Bd2 a4 19. Rad1 Rf8 20. exd5 cxd5 21. Nf1 f5
22. d4 e4 23. Qg3 Qxg3 24. Nxg3 Bd6 25. f4 b5 26. Bb1 Nf6 27. Ne2 Nh5 28. Rf1
Bd7 29. Ba2 Bc6 30. Rf2 Kf7 31. Re1 Kf6 32. Be3 Ke6 33. g4 fxg4 34. hxg4 Nf6
35. Rg2 Rh8 36. Bf2 Rag8 37. Bh4 h5 38. Bxf6 Kxf6 39. Kf2 hxg4 40. Reg1 Rh4 41.
Rxg4 Rxg4 42. Rxg4 Rh8 43. Kg2 g5 44. Rxg5 Bxf4 45. Rg4 Rh2+ 46. Kf1 Be3 47.
Rg3 Rf2+ 48. Ke1 Rf3 49. Rg2 Bg5 50. Rg1 Bh4+ 51. Kd1 Rd3+ 52. Kc2 Bg5 53. Kb1
Rd2 54. Rf1+ Kg6 55. Nf4+ Bxf4 56. Rxf4 e3 57. Kc1 Rf2 58. Rg4+ Kf5 59. Rg1 Kf4
60. Bb1 Bd7 61. Re1 Rd2 62. Rf1+ Kg3 63. Re1 Kf2 64. Rh1 Bh3 65. Rxh3 Rd1+ 66.
Kxd1 e2+ 67. Kc2 e1=Q 68. Rh2+ Kg3 69. Rd2 Kf3 70. Ba2 Ke4 71. Rd1 Qe2+ 72. Kc1
Qe3+ 73. Kb1 Qe2 74. Rc1 Qd3+ 75. Ka1 Qe3 76. Rh1 Qf2 77. Rh5 Qe1+ 78. Bb1+ 1-0

[Event "Lichtenrader Herbst"]
[Site "?"]
[Date "2008.10.19"]
[Round "2.3"]
[White "Scheide, Helmut"]
[Black "Rudolf, Henrik"]
[Result "0-1"]
[WhiteElo "1991"]
[BlackElo "2368"]
[PlyCount "62"]
[EventDate "2008.??.??"]

1. d4 Nf6 2. c4 g6 3. Nc3 Bg7 4. e4 d6 5. f3 O-O 6. Be3 c5 7. Nge2 Qa5 8. Qd2
Nc6 9. d5 Ne5 10. Ng3 h5 11. h4 a6 12. Be2 Rb8 13. O-O b5 14. cxb5 axb5 15. a4
bxa4 16. Rxa4 Qd8 17. Rfa1 e6 18. Bg5 Qb6 19. R1a2 exd5 20. Bxf6 Bxf6 21. Nxd5
Qd8 22. Nxf6+ Qxf6 23. f4 Nc6 24. f5 Kg7 25. Bxh5 Rh8 26. fxg6 fxg6 27. e5 Qxe5
28. Bf3 Nb4 29. Ra7+ Kf8 30. Ne4 Nxa2 31. Nxc5 Qxc5+ 0-1

[Event "Lichtenrader Herbst"]
[Site "?"]
[Date "2008.10.19"]
[Round "2.5"]
[White "König, Frank"]
[Black "Reichenbach, Werner"]
[Result "0-1"]
[WhiteElo "1982"]
[BlackElo "2285"]
[PlyCount "54"]
[EventDate "2008.??.??"]

1. Nf3 g6 2. d4 Bg7 3. g3 Nf6 4. Bg2 O-O 5. O-O d6 6. Nbd2 Nbd7 7. e4 c6 8. c3
Re8 9. Re1 Qc7 10. e5 dxe5 11. dxe5 Nd5 12. e6 fxe6 13. c4 N5f6 14. Rxe6 Nc5
15. Re3 Ng4 16. Ra3 Rd8 17. h3 Ne5 18. Nxe5 Bxe5 19. Qe2 Bf5 20. Nf3 Bf6 21.
Bf4 Qc8 22. g4 Bd3 23. Qe3 Bxb2 24. Qxc5 Bxa1 25. Qxe7 Re8 26. Qc5 Be4 27. Be5
Bxf3 0-1

[Event "Lichtenrader Herbst"]
[Site "?"]
[Date "2008.10.19"]
[Round "2.7"]
[White "Grassi, Fabrizio"]
[Black "Gruzmann, Boris"]
[Result "0-1"]
[WhiteElo "1969"]
[BlackElo "2254"]
[PlyCount "110"]
[EventDate "2008.??.??"]

1. d4 Nf6 2. Bf4 c5 3. e3 Qb6 4. Nc3 cxd4 5. exd4 d6 6. Rb1 g6 7. Nf3 Bg7 8. h3
O-O 9. Bc4 Nc6 10. O-O Bd7 11. Re1 Rae8 12. a3 a6 13. d5 Na5 14. Be3 Qc7 15.
Bf1 e5 16. dxe6 fxe6 17. Qd2 b5 18. Rbd1 Nb7 19. Bf4 e5 20. Bh2 Bc6 21. a4 Qb6
22. axb5 axb5 23. Qe3 Qa5 24. Ra1 Qb4 25. Rad1 Rc8 26. Nd2 Nc5 27. Nb3 Nxb3 28.
cxb3 Rfd8 29. Qb6 Nd7 30. Qe3 Nc5 31. Nd5 Bxd5 32. Rxd5 Bh6 33. f4 exf4 34. Qe2
Qxb3 35. Rb1 Bg7 36. Rd2 Be5 37. Qxb5 Qxb5 38. Bxb5 Rb8 39. Bc4+ Kg7 40. Re2
Kf6 41. Kf2 g5 42. g3 Nb3 43. Rd1 Nd4 44. gxf4 gxf4 45. Red2 Nf5 46. Kf3 Ne3
47. b3 Nxd1 48. Rxd1 d5 49. Rxd5 Rxd5 50. Bxd5 Kg5 51. Ke4 Bc7 52. Be6 Re8 53.
Kd5 f3 54. Bg1 Kh5 55. Bc5 Kh4 0-1

[Event "Lichtenrader Herbst"]
[Site "?"]
[Date "2008.10.19"]
[Round "2.8"]
[White "Prudlo, Simon"]
[Black "Svane, Rasmus"]
[Result "1-0"]
[WhiteElo "2247"]
[BlackElo "1967"]
[PlyCount "63"]
[EventDate "2008.??.??"]

1. e4 c5 2. Nc3 e6 3. Nge2 a6 4. g3 b5 5. Bg2 Bb7 6. a3 Nf6 7. d3 d6 8. O-O
Nbd7 9. h3 Qc7 10. Be3 Be7 11. g4 O-O 12. g5 Ne8 13. Ng3 Rc8 14. f4 Nb6 15. Qg4
d5 16. exd5 exd5 17. f5 Bd6 18. Bf4 Bxf4 19. Rxf4 d4 20. Bxb7 Qxb7 21. Nce4 Nd5
22. Qf3 b4 23. Rh4 g6 24. Rf1 bxa3 25. bxa3 Qc6 26. Rh6 Ne3 27. Nh5 gxh5 28.
Rxc6 Rxc6 29. Rf2 Ng7 30. Nf6+ Rxf6 31. gxf6 Ngxf5 32. Qxh5 1-0

[Event "Lichtenrader Herbst"]
[Site "?"]
[Date "2008.10.19"]
[Round "2.10"]
[White "Sawlin, Michail"]
[Black "Richter, Götz"]
[Result "0-1"]
[WhiteElo "2227"]
[BlackElo "1963"]
[PlyCount "80"]
[EventDate "2008.??.??"]

1. e4 c5 2. Nf3 d6 3. d4 cxd4 4. Nxd4 Nf6 5. Nc3 Nc6 6. Be2 e5 7. Nb3 Be7 8.
O-O O-O 9. f4 a5 10. a4 Be6 11. f5 Bd7 12. Be3 Nb4 13. Bf3 d5 14. Nxd5 Nfxd5
15. exd5 Bxf5 16. Rc1 Bg6 17. c4 Nd3 18. Rc2 Qd7 19. Nc1 Nc5 20. Rd2 Bd6 21. b3
f5 22. g3 h6 23. Bg2 Bh7 24. h4 Rae8 25. Ne2 f4 26. gxf4 exf4 27. Bxf4 Rxe2 28.
Bxd6 Rxg2+ 29. Rxg2 Rxf1+ 30. Qxf1 Qxd6 31. Qe2 Be4 32. Rg4 Qe5 33. Qe3 Qa1+
34. Kh2 Qh1+ 35. Kg3 Qg2+ 36. Kf4 Nd3+ 37. Qxd3 Qxg4+ 38. Kxg4 Bxd3 39. Kf4 Kf7
40. Ke5 Bc2 0-1

[Event "Lichtenrader Herbst"]
[Site "?"]
[Date "2008.10.19"]
[Round "2.11"]
[White "Bachran, Boris"]
[Black "Lüders, Gerhard"]
[Result "0-1"]
[WhiteElo "1960"]
[BlackElo "2219"]
[PlyCount "146"]
[EventDate "2008.??.??"]

1. d4 d5 2. Nf3 Nf6 3. c3 e6 4. Bf4 Ne4 5. Nbd2 g5 6. Nxe4 gxf4 7. Ned2 Nd7 8.
g3 Qf6 9. gxf4 Qxf4 10. e3 Qf5 11. Qb1 Qxb1+ 12. Nxb1 f5 13. Rg1 Nf6 14. Nbd2
Bd6 15. h3 Bd7 16. Be2 O-O-O 17. Ne5 Rhg8 18. O-O-O Rdf8 19. f4 Be8 20. Nef3
Bh5 21. Rxg8 Rxg8 22. Rg1 Rxg1+ 23. Nxg1 Bf7 24. b4 c6 25. Kc2 Kd8 26. Ndf3 Be8
27. Nd2 Ke7 28. Bf3 b6 29. a3 c5 30. Ne2 a5 31. Kb3 Ne4 32. Bxe4 c4+ 33. Kc2
fxe4 34. Nf1 Kf6 35. Neg3 Kg6 36. Kd2 Be7 37. Ke2 Bh4 38. Kf2 Ba4 39. Nh2 h5
40. Nhf1 Bc2 41. Ke1 Bd3 42. Kd2 Kh6 43. Kd1 Be7 44. Nd2 Kg6 45. Kc1 Kf7 46.
Kd1 Bh4 47. Ndf1 Ke7 48. Kd2 Kd6 49. Ne2 Kc6 50. bxa5 b5 51. Nfg3 Bxe2 52. Nxe2
Be7 53. f5 exf5 54. Nf4 Bd6 55. Nxh5 Bxa3 56. a6 b4 57. cxb4 Bxb4+ 58. Kc2 Bd6
59. Nf6 Bb8 60. Nh5 Kb5 61. Nf4 Kxa6 62. Nxd5 Bg3 63. Kc3 Kb5 64. Nc7+ Kc6 65.
Ne6 Kd5 66. Nf4+ Bxf4 67. exf4 e3 68. h4 Ke4 69. h5 e2 70. Kd2 Kf3 71. Ke1 c3
72. h6 Ke3 73. h7 c2 0-1

[Event "Lichtenrader Herbst"]
[Site "?"]
[Date "2008.10.19"]
[Round "2.12"]
[White "Meißner, Hans-Jürgen"]
[Black "Kropman, Alexei"]
[Result "1/2-1/2"]
[WhiteElo "2216"]
[BlackElo "1960"]
[PlyCount "74"]
[EventDate "2008.??.??"]

1. e4 e6 2. d4 d5 3. Nc3 Bb4 4. e5 c5 5. a3 Bxc3+ 6. bxc3 Ne7 7. Nf3 Qc7 8. h4
Bd7 9. Bd3 c4 10. Be2 Ba4 11. Ng5 Nbc6 12. Bh5 Ng6 13. g3 O-O-O 14. O-O Rdf8
15. Re1 Nce7 16. Bg4 Nf5 17. Bxf5 exf5 18. e6 f4 19. Kg2 fxe6 20. Nxe6 f3+ 21.
Kh2 Qf7 22. Nxf8 Rxf8 23. Rh1 Qf5 24. Ra2 Nxh4 25. Bf4 Qg4 26. Kg1 Ng2 27. Be5
h5 28. Qb1 Re8 29. Qb4 Nf4 30. Qxa4 Ne2+ 31. Kf1 Re6 32. Qxa7 Rxe5 33. dxe5 Qe4
34. Qe3 Nxg3+ 35. Kg1 Ne2+ 36. Kf1 Ng3+ 37. Kg1 Ne2+ 1/2-1/2

[Event "Lichtenrader Herbst"]
[Site "?"]
[Date "2008.10.19"]
[Round "2.13"]
[White "Körner, Helmut"]
[Black "Behrmann, Joachim"]
[Result "0-1"]
[WhiteElo "1960"]
[BlackElo "2204"]
[PlyCount "46"]
[EventDate "2008.??.??"]

1. b4 e5 2. Bb2 Bxb4 3. Bxe5 Nf6 4. Nf3 O-O 5. a3 Ba5 6. e3 d5 7. Be2 c5 8. O-O
Nc6 9. Bg3 Ne4 10. d3 Nxg3 11. hxg3 Be6 12. Nbd2 b6 13. c4 Bc3 14. Rb1 dxc4 15.
Nxc4 Bf6 16. Qc2 Qd7 17. Rfd1 g6 18. Rd2 Rfc8 19. Rdd1 Rab8 20. Qa4 Nd4 21.
Qxd7 Nxe2+ 22. Kf1 Nxg3+ 23. fxg3 Bxd7 0-1

[Event "Lichtenrader Herbst"]
[Site "?"]
[Date "2008.10.19"]
[Round "2.14"]
[White "Glantz, Robert"]
[Black "Rivera Boris, Miguel"]
[Result "0-1"]
[WhiteElo "2197"]
[BlackElo "1948"]
[PlyCount "106"]
[EventDate "2008.??.??"]

1. e4 e5 2. Nf3 Nc6 3. Bb5 a6 4. Ba4 b5 5. Bb3 Bc5 6. O-O Nf6 7. c3 d6 8. d4
exd4 9. cxd4 Bb6 10. Nc3 Bg4 11. Be3 O-O 12. a4 Bxf3 13. gxf3 Qd7 14. Kh1 b4
15. Nd5 Nxd5 16. Bxd5 Rab8 17. Bc4 Qe7 18. Rg1 Qf6 19. Rg3 Kh8 20. Qd3 Bxd4 21.
Bxd4 Qxd4 22. Qxd4 Nxd4 23. Bxa6 Nb3 24. Rd1 Nc5 25. Bb5 Ra8 26. Rd4 Nxa4 27.
Rxb4 Nc5 28. Bc4 Rfb8 29. Rxb8+ Rxb8 30. Rg1 Rxb2 31. Ra1 g6 32. Kg2 Kg7 33.
Ra7 Rb7 34. Ra8 Ne6 35. Re8 Kf6 36. Kf1 Nf4 37. Ke1 Rb1+ 38. Kd2 Rb2+ 39. Ke3
Ng2+ 40. Kd4 Rxf2 41. Rf8 c5+ 42. Kd3 Rxf3+ 43. Ke2 Rc3 44. Rxf7+ Ke5 45. Ba6
Kxe4 46. Re7+ Kd4 47. Rxh7 Nf4+ 48. Kf2 Nd3+ 49. Ke2 Rc2+ 50. Kf3 Ne5+ 51. Kf4
Rg2 52. h3 c4 53. Rb7 Ra2 0-1

[Event "Lichtenrader Herbst"]
[Site "?"]
[Date "2008.10.19"]
[Round "2.15"]
[White "Schulz, Anja"]
[Black "Hämmerlein, Thomas"]
[Result "0-1"]
[WhiteElo "1954"]
[BlackElo "2179"]
[PlyCount "44"]
[EventDate "2008.??.??"]

1. e4 c5 2. Nf3 Nf6 3. e5 Nd5 4. c3 d6 5. d4 cxd4 6. cxd4 Nc6 7. Bb5 Qa5+ 8.
Nc3 Nxc3 9. Bxc6+ bxc6 10. Qd2 Ba6 11. Qxc3 Qb5 12. Qe3 e6 13. a3 dxe5 14. Nxe5
Rd8 15. b4 Rxd4 16. Bb2 Bc5 17. Qf3 O-O 18. Rc1 Bxb4+ 19. axb4 Qxb4+ 20. Bc3
Re4+ 21. Kd2 Rd8+ 22. Nd3 Qc4 0-1

[Event "Lichtenrader Herbst"]
[Site "?"]
[Date "2008.10.19"]
[Round "2.17"]
[White "Gremm, Albert Jürgen"]
[Black "Kaphle, Stephan"]
[Result "0-1"]
[WhiteElo "1947"]
[BlackElo "2170"]
[PlyCount "66"]
[EventDate "2008.??.??"]

1. Nc3 c5 2. Nf3 Nf6 3. e4 d6 4. Bc4 e6 5. d3 a6 6. a4 Be7 7. O-O Nc6 8. Bg5
O-O 9. Qd2 Rb8 10. Ba2 b5 11. axb5 axb5 12. Bb3 Na5 13. Ba2 b4 14. Ne2 b3 15.
Bb1 bxc2 16. Qxc2 h6 17. Bh4 e5 18. d4 Nb3 19. Ra3 Nxd4 20. Nexd4 cxd4 21. Nxd4
exd4 22. e5 g6 23. Rg3 Ng4 24. Bxe7 Qxe7 25. exd6 Qxd6 26. Qd2 Kg7 27. f4 Qc5
28. Rc1 Qb6 29. Bd3 Qxb2 30. Bc2 Ne3 31. Rb1 Qxb1+ 32. Bxb1 Rxb1+ 33. Kf2 Rf1+
0-1

[Event "Lichtenrader Herbst"]
[Site "?"]
[Date "2008.10.19"]
[Round "2.18"]
[White "Mahn, Franko"]
[Black "Barwich, Alfred"]
[Result "1/2-1/2"]
[WhiteElo "2167"]
[BlackElo "1920"]
[PlyCount "109"]
[EventDate "2008.??.??"]

1. d4 c5 2. e3 e6 3. Nf3 Nc6 4. Bd3 d5 5. c3 c4 6. Bc2 f5 7. b3 b5 8. a4 cxb3
9. Bxb3 bxa4 10. Bxa4 Bd7 11. O-O Nf6 12. Nbd2 Ne4 13. Nxe4 fxe4 14. Bxc6 Bxc6
15. Ne5 Qc7 16. Qg4 Bd7 17. Qh5+ g6 18. Nxg6 hxg6 19. Qxh8 O-O-O 20. Qh7 Bd6
21. Ba3 Bb5 22. Qxc7+ Bxc7 23. Rfb1 Bd3 24. Rb2 a6 25. Be7 Rh8 26. h3 Rh7 27.
Bg5 Rf7 28. Bh4 Bb5 29. Bg3 Bd8 30. Rab1 Rb7 31. f3 exf3 32. gxf3 Kd7 33. e4
Kc6 34. exd5+ Kxd5 35. Rb4 Rf7 36. Rxb5+ axb5 37. Rxb5+ Kc4 38. Rc5+ Kd3 39.
Kg2 Ra7 40. Bb8 Rb7 41. Bg3 Rb2+ 42. Kf1 Ke3 43. Re5+ Kxf3 44. Be1 Rh2 45. Kg1
Rg2+ 46. Kh1 Re2 47. Rxe2 Kxe2 48. Bg3 Kd3 49. Be5 Ba5 50. Kg2 Bxc3 51. Kf3
Bxd4 52. Bd6 e5 53. Bxe5 Bxe5 54. Kg4 Bf6 55. h4 1/2-1/2